| 000 | 01193nam a2200361 i 4500 | ||
|---|---|---|---|
| 003 | EG-ScBUE | ||
| 005 | 20240924124625.0 | ||
| 008 | 111121t2008 caua f 00010 eeng d | ||
| 020 | _a9780495831525 | ||
| 020 | _a0495831522 | ||
| 040 |
_aEG-ScBuE _beng _erda _cEG-ScBuE _dEG-ScBUE |
||
| 082 | 0 | 4 |
_a512.13 _bAUF _222 |
| 100 | 1 |
_aAufmann, Richard N., _eauthor. _927824 |
|
| 245 | 1 | 0 |
_aCollege algebra and trigonometry / _cRichard N. Aufmann, Vernon C. Barker, Richard D. Nation, Palomar College. |
| 250 | _aSixth edition. | ||
| 250 | _aInternational student edition. | ||
| 264 | 1 |
_aBelmont, CA : _bBrooks/Cole, _c[2008] |
|
| 264 | 4 | _cc2008 | |
| 300 |
_a1 volume (various pagings) : _billustrations (some color) ; _c24 cm |
||
| 336 |
_2rdacontent _atext _btxt |
||
| 337 |
_aunmediated _2rdamedia _bn |
||
| 338 |
_avolume _bnc _2rdacarrier |
||
| 500 | _a`Includes index. | ||
| 590 | _ayassmeen ashraf | ||
| 650 | 7 |
_aAlgebra. _927827 _2BUEsh |
|
| 650 | 7 |
_aTrigonometry. _927828 _2BUEsh |
|
| 651 | _2BUEsh | ||
| 653 |
_bENGGEN _cAugust2015 |
||
| 655 | _vReading book | ||
| 700 | 1 |
_927825 _aBarker, Vernon C., _eauthor. |
|
| 700 | 1 |
_927826 _aNation, Richard D., _eauthor. |
|
| 942 |
_cBB _2ddc |
||
| 999 |
_c16241 _d16241 |
||